|
|
|
|
| LEADER |
00758nam a2200205Ia 4500 |
| 001 |
CTU_35945 |
| 008 |
210402s9999 xx 000 0 und d |
| 020 |
|
|
|b 25.500đ; 31.500đ (lô 20.09)
|
| 082 |
|
|
|a 660.282
|
| 082 |
|
|
|b M312/T.3
|
| 100 |
|
|
|a Vũ ,Bá Minh
|
| 245 |
|
0 |
|a Quá trình và thiết bị trong công nghệ hóa học :
|
| 245 |
|
0 |
|b Truyền khối
|
| 245 |
|
0 |
|c Vũ Bá Minh, Võ Văn Bang
|
| 260 |
|
|
|a Thành phố Hồ Chí Minh
|
| 260 |
|
|
|b Trường Đại Học Kỹ Thuật
|
| 260 |
|
|
|c 1998
|
| 650 |
|
|
|a Chemical apparatus,Chemical engineering - equipment and supplies,Scientific apparatus and instruments
|
| 904 |
|
|
|i Minh, 000330
|
| 980 |
|
|
|a Trung tâm Học liệu Trường Đại học Cần Thơ
|